000 00801nab a2200241 u 4500
001 17573
003 HDC
007 cr bn ---aaaaa
008 210224c20100116xx dr|noo 0 a eng d
040 _aHDC
245 0 _aMalaysian PM intends to tap opportunities in Saudi Arabia
260 _a[No place] :
_b[publisher not identified],
_c2010
336 _atext
_2rdacontent
337 _acomputer
_2rdamedia
338 _aonline resource
_2rdacarrier
650 _aEconomic opportunities
_916895
650 _aMuslim countries
_97370
710 _aHalal focus
856 _zRequest full-text at [email protected]
942 _2lcc
942 _cNEWS
942 _kNWSO 005954
999 _c14889
_d14889